Algunos apuntes sobre el grado de participación de la inversión extranjera en el proceso de la integración económica centroamericana
Spremljeno u:
| Glavni autor: | |
|---|---|
| Format: | Tekst |
| Izdano: |
s.l:
s.e.
|
| Oznake: |
Dodaj oznaku
Bez oznaka, Budi prvi tko označuje ovaj zapis!
|
MARC
| LEADER | 00000 a a2200000 04500 | ||
|---|---|---|---|
| 001 | 22952 | ||
| 003 | |||
| 040 | |||
| 090 | |a 157600 | ||
| 100 | |a Rosenthal K., Gert | ||
| 245 | |a Algunos apuntes sobre el grado de participación de la inversión extranjera en el proceso de la integración económica centroamericana | ||
| 260 | |a s.l: |b s.e. | ||
| 300 | |a 7 p | ||
| 999 | |c 13515 |d 13515 | ||
